De ventura y lacería

Պահպանված է:
Մատենագիտական մանրամասներ
Հիմնական հեղինակ: Labat, Juan Carlos
Ձևաչափ: Գիրք
Լեզու:Undetermined
Հրապարակվել է: Argentina Zeta 1988
Խորագրեր:
Ցուցիչներ: Ավելացրեք ցուցիչ
Չկան պիտակներ, Եղեք առաջինը, ով նշում է այս գրառումը!

MARC

LEADER 00000nam a2200000Ia 4500
008 170316s9999 xx 000 0 und d
040 |a cru BVZT 
090 |a 860 L-1d 
100 |a Labat, Juan Carlos 
245 |a De ventura y lacería 
260 |a Argentina 
260 |b Zeta 
260 |c 1988 
300 |a [s.páginas] 
650 |a LITERATURA LATINOAMERICANA 
999 |c 8870  |d 8870 
942 |c 15 D  |h 860 L-1d  |2 z